000 00649nam a2200229Ia 4500
003 OSt
005 20220918210649.0
006 a|||||r|||| 00| 0
007 ta
008 220917b |||||||| |||| 00| 0 eng d
024 _a121,451
037 _cTextual
040 _aARTS
_cARTS
_beng
041 _2eng
_aeng
082 _aV73:2:N5, J32.1;2,J32.2-;2
100 _aCrosskey William Winslow
245 0 _aPolitics and the constitution in the history of the United States
260 _c1953
650 _aHISTORY
942 _hV73:2:N5, J32.1;2,J32.2-;2
_cTEXL
_2CC
999 _c244657
_d244657